00401nam a2200133Ia 4500008004100000041001200041082001600053100001800069245010300087260003300190300001000223650001600233700001800249221030s9999 xx 000 0 und d aEnglish a105.23bMot aS. N. Motewar 0aComputer Programming in Fortran - IV with C Introduction to BASICcby S. N. Motewar, S. Domkundwar bDhanpat Rai PubaDelhic1999 a18.30 aBE Computer aS. Domkundwar